Countries and Territories With the Most Cars Per Capita - Statistics

General Stats
  • This quiz has been taken 31 times
  • The average score is 31 of 50
Answer Stats
# of Cars/1,000 People Country % Correct
662 Canada
86%
519 England
83%
593 Spain
83%
572 Germany
79%
591 Japan
79%
528 Netherlands
79%
578 France
76%
513 Ireland
76%
679 Italy
76%
739 Luxembourg
76%
612 Finland
72%
750 Liechtenstein
72%
899 Monaco
72%
584 Norway
72%
520 Sweden
72%
566 Switzerland
72%
740 Australia
69%
485 Czech Republic
69%
480 Denmark
69%
586 Greece
69%
745 Iceland
69%
693 Malta
69%
774 New Zealand
69%
567 Slovenia
69%
459 South Korea
69%
578 Austria
66%
345 Hungary
66%
383 Israel
66%
548 Portugal
66%
1,263 San Marino
66%
559 Belgium
62%
476 Estonia
62%
537 Poland
62%
532 Qatar
62%
546 Slovakia
62%
532 Cyprus
59%
527 Kuwait
59%
560 Lithuania
59%
537 Bahrain
55%
393 Bulgaria
55%
361 Malaysia
48%
362 Belarus
45%
510 Brunei
41%
795 United States of America
41%
434 Lebanon
38%
469 Barbados
34%
380 Croatia
34%
496 Iraq
34%
353 Trinidad and Tobago
21%
677 Guam
0%
No matching quizzes found
Score Distribution
Percent of People with Each Score
Percentile by Number Answered
Your Score History
You have not taken this quiz